| 000 | 00606cam a2200229 a 4500 | ||
|---|---|---|---|
| 001 | 499970 | ||
| 005 | 20180125072855.0 | ||
| 008 | 850521s1986 njua b 001 0 eng | ||
| 010 | _a 85061628 | ||
| 020 | _a0130220051 | ||
| 040 |
_aDLC _cDLC _dDLC |
||
| 041 | _aeng | ||
| 080 | _a005.73 nik | ||
| 082 | 0 | 0 |
_a005.73 nik _219 |
| 100 | 1 | _a30 | |
| 101 | _ashk | ||
| 245 | 1 | 0 |
_aAlgorithms and data structures / _cNiklaus Wirth. |
| 504 | _aIncludes bibliographies and indexes. | ||
| 740 | 0 | _aAlgorithms & data structures. | |
| 906 |
_a7 _bcbc _corignew _d3 _eopcn _f19 _gy-gencatlg |
||
| 942 |
_2ddc _cBK |
||
| 999 |
_c40941 _d40941 |
||